Építőtábor nyílt Szegeden [rövid hír]

Elmentve itt :
Bibliográfiai részletek
Dokumentumtípus: Cikk
Megjelent: 1970-07-14
Sorozat:Délmagyarország 60 No. 163
Kulcsszavak:Építőtábor egyetemisták 1970, Építőtábor
Online Access:http://dmarchiv.bibl.u-szeged.hu/56406
LEADER 00453nab a2200145 i 4500
001 delm56406
005 20180927141834.0
008 180927s1970 hu o 0|| hun d
040 |a SZTE Délmagyarország Archívum  |b hun 
041 |a hun 
245 0 0 |a Építőtábor nyílt Szegeden   |h [elektronikus dokumentum] :  |b [rövid hír] 
260 |c 1970-07-14 
300 |a 8 
490 0 |a Délmagyarország  |v 60 No. 163 
695 |a Építőtábor egyetemisták 1970, Építőtábor